000 00571nam a2200205Ia 4500
005 20260429112150.0
008 260429s9999||||xx |||||||||||||| ||und||
020 _a9789371947855
041 _aEnglish
082 _a709.954
_bKRI
100 _aKrishna Kumari
245 0 _aIndian history of sculpture, painting, and architecture /
_cKrishna Kumari
250 _a1st ed.
260 _aDelhi :
_bAngel Publisher and Distributors,
_c2025.
300 _avi, 200 p.; hb
650 _a Architecture
650 _a Indian history
650 _aSculpture
942 _cTB
999 _c52683
_d52683